Hatillo 7 Por una Costa Rica mejor para todos

Gespeichert in:
Bibliographische Detailangaben
Körperschaft: INVU. Oficina de Planificación del Area Metropolitana
Format: Text
Veröffentlicht: San José: INVU
Schlagworte:
Tags: Tag hinzufügen
Keine Tags, Fügen Sie den ersten Tag hinzu!

MARC

LEADER 00000 a a2200000 04500
001 28868
003
040
090 |a 190100  
110 |a INVU. Oficina de Planificación del Area Metropolitana  
245 |a Hatillo 7 Por una Costa Rica mejor para todos  
260 |a San José:   |b INVU  
300 |a 249 p   |b map.  
650 |a URBANISMO  
650 |a VIVIENDA BARATA  
650 |a ENCUESTAS SOCIALES  
999 |c 10000  |d 10000